[Event "BL 1920 SG Solingen - SV Lingen"]
[Site "?"]
[Date "2019.11.24"]
[Round "2.6"]
[White "Smeets, Jan"]
[Black "Epishin, Vladimir"]
[Result "0-1"]
[WhiteElo "2596"]
[BlackElo "2551"]
[PlyCount "144"]
[EventDate "2019.??.??"]

1. e4 g6 2. d4 Bg7 3. Nc3 d6 4. Be3 a6 5. f4 b5 6. Bd3 e6 7. Nf3 Ne7 8. e5 Bb7
9. Ne4 Nbc6 10. c3 Nd5 11. Bd2 Nb6 12. Qe2 Ne7 13. O-O O-O 14. Rae1 Rc8 15. Qf2
Bxe4 16. Bxe4 Qd7 17. g4 f5 18. exf6 Rxf6 19. Qg3 Rcf8 20. Bc1 a5 21. Ng5 b4
22. Bg2 bxc3 23. bxc3 h6 24. Ne4 R6f7 25. Rf2 Na4 26. Qd3 Nd5 27. Ref1 c5 28.
dxc5 dxc5 29. Ng3 Naxc3 30. Qxg6 Ne7 31. Qc2 Bd4 32. Kh1 Bxf2 33. Qxf2 Qd4 34.
Qe1 Nxa2 35. Be3 Qc3 36. Bd2 Qd4 37. Be3 Qc3 38. Bd2 Qd4 39. Bxa5 Qc4 40. Bd2
Nb4 41. Ne4 Nd3 42. Qg3 Rg7 43. Qh3 Nd5 44. f5 Nf6 45. Nd6 Nxg4 46. Be3 Qc1 47.
Rxc1 Ndf2+ 48. Bxf2 Nxf2+ 49. Kg1 Nxh3+ 50. Kf1 Nf4 51. Bc6 exf5 52. Rxc5 Rg6
53. Nc4 Nd3 54. Bd5+ Kg7 55. Rc7+ Kf6 56. Rc6+ Kg7 57. Rc7+ Kh8 58. Rd7 Re8 59.
Be6 Rexe6 60. Rxd3 Rg4 61. Nd2 Kg7 62. Kf2 Rf4+ 63. Nf3 Kf6 64. Ra3 Rb6 65. Kg3
Rg4+ 66. Kh3 Rgb4 67. Nd2 Rb2 68. Rd3 Rc2 69. Kh4 Rbc6 70. Rd8 R6c3 71. h3 Ke5
72. Re8+ Kf4 0-1

[Event "BL 1920 SG Solingen - SV Lingen"]
[Site "?"]
[Date "2019.11.24"]
[Round "2.7"]
[White "Levin, Felix"]
[Black "Naumann, Alexander"]
[Result "1/2-1/2"]
[WhiteElo "2467"]
[BlackElo "2543"]
[PlyCount "40"]
[EventDate "2019.??.??"]

1. Nf3 Nf6 2. c4 c5 3. Nc3 d5 4. cxd5 Nxd5 5. e3 Nxc3 6. dxc3 Qc7 7. e4 e6 8.
Qd2 Nc6 9. Qg5 h6 10. Qg3 Qxg3 11. hxg3 Bd6 12. Be3 b6 13. Nd2 Bb7 14. Nc4 Bc7
15. O-O-O Rd8 16. Rxd8+ Kxd8 17. Bf4 Ba6 18. Nd6 Bxd6 19. Bxa6 Bxf4+ 20. gxf4
Ke7 1/2-1/2

[Event "BL 1920 SG Solingen - SV Lingen"]
[Site "?"]
[Date "2019.11.24"]
[Round "2.8"]
[White "Handke, Florian"]
[Black "Milanovic, Danilo"]
[Result "1/2-1/2"]
[WhiteElo "2529"]
[BlackElo "2455"]
[PlyCount "81"]
[EventDate "2019.??.??"]

1. e4 d5 2. exd5 Qxd5 3. Nc3 Qd8 4. d4 Nf6 5. Nf3 c6 6. Bf4 Bf5 7. Nh4 Be6 8.
Be2 Nbd7 9. O-O g6 10. Nf3 Nb6 11. Re1 Bg7 12. Bd3 O-O 13. Qe2 Re8 14. a3 Bg4
15. Rad1 Nfd5 16. Nxd5 Qxd5 17. Be4 Qc4 18. h3 Qxe2 19. Rxe2 Be6 20. b3 a5 21.
a4 Nd5 22. Bd2 Nb4 23. c3 Bxb3 24. Rb1 Bc4 25. Ree1 f5 26. Bxf5 gxf5 27. cxb4
axb4 28. Rxb4 b5 29. Ne5 Bxe5 30. Rxe5 Rxa4 31. Rxf5 Ra2 32. Bh6 Ra1+ 33. Kh2
Rd1 34. Be3 Rf8 35. Rg5+ Kf7 36. Rh5 Kg8 37. Re5 e6 38. Rg5+ Kf7 39. Rh5 Kg8
40. Rg5+ Kf7 41. Rh5 1/2-1/2

[Event "BL 1920 SV Mülheim Nord - SV Werder Br"]
[Site "?"]
[Date "2019.11.24"]
[Round "2.1"]
[White "Fressinet, Laurent"]
[Black "Navara, David"]
[Result "1/2-1/2"]
[WhiteElo "2633"]
[BlackElo "2703"]
[PlyCount "110"]
[EventDate "2019.??.??"]

1. d4 d5 2. c4 c6 3. Nc3 Nf6 4. cxd5 cxd5 5. Bf4 Nc6 6. e3 Bf5 7. Nf3 e6 8. Qb3
Bb4 9. Ne5 Qb6 10. Nxc6 bxc6 11. Be2 Ne4 12. f3 Nxc3 13. bxc3 Be7 14. O-O g5
15. Be5 f6 16. Bg3 c5 17. Qxb6 axb6 18. a4 Kf7 19. Bb5 Ra7 20. Rfc1 Rha8 21.
Kf2 h5 22. h4 g4 23. Ra2 Rc8 24. Raa1 c4 25. Ra2 Bd3 26. Rca1 f5 27. Rh1 Ra5
28. Rb2 Rca8 29. Bc7 Bd8 30. Bxd8 Rxd8 31. f4 g3+ 32. Kxg3 Rg8+ 33. Kf2 Be4 34.
Rg1 Ke7 35. g3 Kd6 36. Ra2 Rga8 37. Rga1 Bc2 38. Ra3 Rg8 39. R1a2 Bxa4 40. Rxa4
Rxb5 41. Ra7 Rb3 42. Rc2 Rb1 43. Rh7 Rh1 44. Kg2 Rxh4 45. Rb2 Kc6 46. Rh6 Rhg4
47. Rxe6+ Kc7 48. Rbxb6 Rxg3+ 49. Kf2 Rg2+ 50. Kf1 Rg1+ 51. Kf2 R8g2+ 52. Kf3
Rg3+ 53. Kf2 R1g2+ 54. Kf1 Rg1+ 55. Kf2 R3g2+ 1/2-1/2

[Event "BL 1920 SV Mülheim Nord - SV Werder Br"]
[Site "?"]
[Date "2019.11.24"]
[Round "2.2"]
[White "Nguyen, Thai Dai Van"]
[Black "McShane, Luke J"]
[Result "1/2-1/2"]
[WhiteElo "2548"]
[BlackElo "2675"]
[PlyCount "99"]
[EventDate "2019.??.??"]

1. d4 Nf6 2. c4 e6 3. Nf3 Bb4+ 4. Nbd2 O-O 5. a3 Be7 6. e4 d6 7. Be2 Nfd7 8.
Nb1 e5 9. Nc3 exd4 10. Nxd4 Nc6 11. Be3 Bf6 12. f4 Re8 13. O-O Nxd4 14. Bxd4 b6
15. Bxf6 Qxf6 16. Nd5 Qd8 17. Qc2 Bb7 18. Rad1 a5 19. Nc3 Qe7 20. Bf3 Nc5 21.
Rfe1 a4 22. Qf2 f6 23. Bh5 g6 24. Bf3 Qg7 25. e5 fxe5 26. Bxb7 Nxb7 27. Qf3 Nc5
28. fxe5 dxe5 29. Qc6 Rac8 30. Nxa4 Nxa4 31. Qxa4 e4 32. Qd7 Qxb2 33. Rxe4 Rf8
34. h3 Qf2+ 35. Kh1 Rcd8 36. Qxd8 Rxd8 37. Rxd8+ Kg7 38. Rd7+ Kh6 39. Rxc7 Qf1+
40. Kh2 Qd3 41. Rce7 Qxa3 42. Rd7 Qb2 43. h4 Qf6 44. Rd5 Qf2 45. Kh3 Qf1 46.
Kg3 Qb1 47. Rf4 Qb3+ 48. Kh2 Qe3 49. Rfd4 Qe2 50. Rf4 1/2-1/2

[Event "BL 1920 SV Mülheim Nord - SV Werder Br"]
[Site "?"]
[Date "2019.11.24"]
[Round "2.3"]
[White "Nabaty, Tamir"]
[Black "Fridman, Daniel"]
[Result "1-0"]
[WhiteElo "2639"]
[BlackElo "2627"]
[PlyCount "107"]
[EventDate "2019.??.??"]

1. d4 d5 2. Nf3 Nf6 3. Bf4 c5 4. e3 Nc6 5. Nbd2 Qb6 6. dxc5 Qxb2 7. Rb1 Qc3 8.
Bb5 e6 9. O-O Be7 10. Ne5 Bd7 11. Nd3 O-O 12. Bc7 b6 13. a4 Ne8 14. Be5 Nxe5
15. Rb3 Qa5 16. Nxe5 Bxb5 17. axb5 Bxc5 18. Nd7 Nd6 19. Nxf8 Rxf8 20. c3 Nxb5
21. Qa1 Na3 22. Qb2 Nc4 23. Nxc4 dxc4 24. Rb5 Qa6 25. Ra1 Rd8 26. h4 Qc8 27.
Qa2 a5 28. Qxc4 h5 29. Rbb1 Qa8 30. Qa4 g6 31. Rd1 Kg7 32. Rxd8 Qxd8 33. Rd1
Qc8 34. Rd7 Kf8 35. g3 Kg7 36. c4 Kf8 37. Qd1 Qc6 38. Ra7 Bd6 39. g4 hxg4 40.
Qd4 Kg8 41. Qf6 Qe8 42. h5 gxh5 43. Qg5+ Kf8 44. Qxh5 Kg7 45. Qxg4+ Kh7 46.
Qh3+ Kg6 47. Qg2+ Kf6 48. Qf3+ Kg7 49. Ra8 Qa4 50. Qg4+ Kf6 51. Qd4+ Be5 52.
Qh4+ Kf5 53. e4+ Kg6 54. Rg8+ 1-0

[Event "BL 1920 SV Mülheim Nord - SV Werder Br"]
[Site "?"]
[Date "2019.11.24"]
[Round "2.4"]
[White "Tregubov, Pavel V"]
[Black "Efimenko, Zahar"]
[Result "1/2-1/2"]
[WhiteElo "2588"]
[BlackElo "2601"]
[PlyCount "99"]
[EventDate "2019.??.??"]

1. e4 e5 2. Nf3 Nc6 3. Bb5 a6 4. Ba4 Nf6 5. d4 exd4 6. O-O Be7 7. e5 Ne4 8.
Nxd4 O-O 9. Nf5 d5 10. Nxe7+ Nxe7 11. c3 Nc5 12. Bc2 Bf5 13. Na3 Qd7 14. Be3 b6
15. c4 Rfd8 16. Bxc5 bxc5 17. cxd5 Nxd5 18. Rc1 Rab8 19. Nc4 Nb4 20. Qxd7 Bxd7
21. Bb1 Be6 22. b3 g6 23. f4 Rd4 24. Ne3 Nd3 25. Bxd3 Rxd3 26. Rf3 Rd2 27. Rf2
Rd3 28. Re2 Rb4 29. g3 c4 30. Nxc4 Bxc4 31. Re4 Rd2 32. Rexc4 Rxc4 33. Rxc4
Rxa2 34. Rxc7 h5 35. Ra7 Rb2 36. Rxa6 Rxb3 37. Ra2 h4 38. gxh4 Rh3 39. Kg2 Rxh4
40. Kg3 Rh5 41. h4 Kf8 42. Kg4 Ke7 43. Ra7+ Ke6 44. Ra6+ Ke7 45. Rf6 Rh8 46.
Ra6 Rh5 47. Rb6 Rh6 48. Rf6 Rh8 49. f5 Rh5 50. fxg6 1/2-1/2

[Event "BL 1920 SV Mülheim Nord - SV Werder Br"]
[Site "?"]
[Date "2019.11.24"]
[Round "2.5"]
[White "Edouard, Romain"]
[Black "Feygin, Michael"]
[Result "1-0"]
[WhiteElo "2635"]
[BlackElo "2471"]
[PlyCount "125"]
[EventDate "2019.??.??"]

1. c4 e6 2. d4 Nf6 3. Nc3 Bb4 4. Nf3 d6 5. Qc2 Nbd7 6. g3 b6 7. Bg2 Bb7 8. O-O
O-O 9. a3 Bxc3 10. Qxc3 a5 11. b4 axb4 12. axb4 Ne4 13. Qb2 Rxa1 14. Qxa1 Qa8
15. Qb2 Qa6 16. b5 Qa4 17. Ng5 Ndf6 18. f3 Nxg5 19. Bxg5 Ra8 20. Rc1 Nd7 21. e4
h6 22. Be3 Qa3 23. Qxa3 Rxa3 24. Bf2 f5 25. Bh3 g6 26. c5 bxc5 27. dxc5 dxc5
28. Bxc5 Nxc5 29. Rxc5 Rb3 30. exf5 gxf5 31. f4 Be4 32. Bf1 Rb1 33. Kf2 Rb2+
34. Ke3 Kf7 35. Rxc7+ Kf6 36. Be2 Bd5 37. h4 e5 38. Rc5 exf4+ 39. gxf4 Be4 40.
Rc7 Ke6 41. Rh7 Kd5 42. Rxh6 Rb3+ 43. Kf2 Rh3 44. Rh7 Kd4 45. Rd7+ Kc3 46. Bd1
Rxh4 47. Kg3 Rh6 48. Bf3 Bd3 49. Bc6 Kd2 50. Re7 Rg6+ 51. Kf3 Rh6 52. Re8 Rh3+
53. Kf2 Rh4 54. Kf3 Rh3+ 55. Kg2 Rh7 56. b6 Ba6 57. Re5 Bb7 58. Bxb7 Rxb7 59.
Rxf5 Rxb6 60. Kf3 Kd3 61. Rd5+ Kc4 62. Rd1 Rb8 63. f5 1-0

[Event "BL 1920 SV Mülheim Nord - SV Werder Br"]
[Site "?"]
[Date "2019.11.24"]
[Round "2.6"]
[White "Buckels, Valentin"]
[Black "Hracek, Zbynek"]
[Result "1/2-1/2"]
[WhiteElo "2469"]
[BlackElo "2559"]
[PlyCount "75"]
[EventDate "2019.??.??"]

1. d4 Nf6 2. c4 c5 3. d5 b5 4. cxb5 a6 5. bxa6 e6 6. Nc3 exd5 7. Nxd5 Be7 8. e4
O-O 9. Nf3 Nxe4 10. Bf4 Bd6 11. Bd3 Bxf4 12. O-O Nf6 13. Nxf4 d5 14. Qd2 Nxa6
15. Rfd1 Bb7 16. Rac1 Qd6 17. a3 Rfd8 18. Nh3 Nc7 19. Qc2 Ne6 20. Nhg5 Nxg5 21.
Nxg5 h6 22. Bh7+ Kf8 23. Ne4 Nxe4 24. Bxe4 Kg8 25. Bf3 Rac8 26. Rd2 Ba8 27. b4
c4 28. Rd4 Bc6 29. Rcd1 Ra8 30. Qc3 Qf6 31. g3 Rd7 32. Qe3 Re7 33. Qf4 Qxf4 34.
Rxf4 Rxa3 35. Bxd5 Rd7 36. Rfd4 Bxd5 37. Rxd5 Rxd5 38. Rxd5 1/2-1/2

[Event "BL 1920 SV Mülheim Nord - SV Werder Br"]
[Site "?"]
[Date "2019.11.24"]
[Round "2.7"]
[White "Babula, Vlastimil"]
[Black "Hausrath, Daniel"]
[Result "1/2-1/2"]
[WhiteElo "2572"]
[BlackElo "2480"]
[PlyCount "59"]
[EventDate "2019.??.??"]

1. d4 Nf6 2. c4 d6 3. Nf3 c6 4. Nc3 Bf5 5. Nh4 Bd7 6. e4 e5 7. Nf3 Qc7 8. Be2
Bg4 9. O-O Nbd7 10. Be3 Be7 11. h3 Bh5 12. d5 c5 13. Nd2 Bxe2 14. Qxe2 O-O 15.
f4 exf4 16. Bxf4 Rfe8 17. Nf3 a6 18. Qf2 Nh5 19. Bh2 Bf6 20. Rae1 Be5 21. Qh4
Bxh2+ 22. Kxh2 Nhf6 23. Re3 Qd8 24. Qg3 Ne5 25. Nxe5 Rxe5 26. Ref3 Nh5 27. Qf2
Nf6 28. Qg3 Nh5 29. Qf2 Nf6 30. Qg3 1/2-1/2

[Event "BL 1920 SV Mülheim Nord - SV Werder Br"]
[Site "?"]
[Date "2019.11.24"]
[Round "2.8"]
[White "Zelbel, Patrick"]
[Black "Markgraf, Alexander"]
[Result "1/2-1/2"]
[WhiteElo "2445"]
[BlackElo "2483"]
[PlyCount "77"]
[EventDate "2019.??.??"]

1. d4 Nf6 2. c4 g6 3. Nc3 d5 4. cxd5 Nxd5 5. Bd2 Nb6 6. Bf4 Bg7 7. e3 O-O 8.
Nf3 Bg4 9. Be2 N8d7 10. O-O c6 11. Qb3 Bxf3 12. Bxf3 e5 13. dxe5 Nxe5 14. Be2
Qe7 15. Rad1 Rad8 16. e4 Rxd1 17. Rxd1 Rd8 18. Be3 Rxd1+ 19. Nxd1 Ned7 20. f3
Qd6 21. Qd3 Qxd3 22. Bxd3 Ne5 23. Be2 Nec4 24. Bc1 Bd4+ 25. Kf1 f6 26. b3 Nd6
27. Ne3 Kf7 28. Nc2 Be5 29. f4 Bc3 30. Bd3 Nd7 31. Ba3 c5 32. Ne3 b5 33. Nd5
Bd4 34. Nc7 b4 35. Bc1 Nb6 36. Ke2 a5 37. Nb5 Nxb5 38. Bxb5 Nc8 39. Bc4+
1/2-1/2

[Event "BL 1920 USV TU Dresden - OSG Baden-Bade"]
[Site "?"]
[Date "2019.11.24"]
[Round "2.1"]
[White "Vachier-Lagrave, Maxime"]
[Black "Gajewski, Grzegorz"]
[Result "1/2-1/2"]
[WhiteElo "2777"]
[BlackElo "2623"]
[PlyCount "98"]
[EventDate "2019.??.??"]

1. Nf3 d5 2. g3 Nf6 3. Bg2 c5 4. O-O g6 5. c4 Bg7 6. cxd5 Nxd5 7. Qc2 Nd7 8. a3
O-O 9. Nc3 e6 10. Rd1 c4 11. Nxd5 exd5 12. d3 Nc5 13. Be3 Nb3 14. Rab1 b5 15.
dxc4 bxc4 16. Nd4 Bxd4 17. Bxd4 Bf5 18. e4 Bg4 19. f3 Be6 20. Bc3 d4 21. Qf2 d3
22. g4 Qb6 23. Qxb6 axb6 24. g5 Rfd8 25. Kf2 Rd7 26. h4 h5 27. gxh6 Kh7 28. h5
gxh5 29. Rh1 d2 30. Rbd1 Rd3 31. Bf1 Rxc3 32. bxc3 Rxa3 33. Rxh5 Ra5 34. Rxa5
bxa5 35. Ke3 a4 36. f4 f5 37. exf5 Bf7 38. Rxd2 Nxd2 39. Kxd2 Kxh6 40. Be2 Kg7
41. Bd1 Be8 42. Kc1 Kf6 43. Bc2 Bh5 44. Kb2 Be2 45. Ka3 Bd3 46. Bxa4 Kxf5 47.
Kb4 Kxf4 48. Bb5 Ke5 49. Bxc4 Bc2 1/2-1/2

[Event "BL 1920 USV TU Dresden - OSG Baden-Bade"]
[Site "?"]
[Date "2019.11.24"]
[Round "2.2"]
[White "Bartel, Mateusz"]
[Black "Rapport, Richard"]
[Result "1/2-1/2"]
[WhiteElo "2636"]
[BlackElo "2752"]
[PlyCount "99"]
[EventDate "2019.??.??"]

1. e4 c6 2. Nc3 d5 3. Nf3 dxe4 4. Nxe4 Nf6 5. Ng3 h5 6. h3 h4 7. Ne2 Bf5 8.
Ned4 Bg6 9. Bc4 Nbd7 10. O-O e5 11. Re1 Be7 12. Nb3 e4 13. Ng5 Nb6 14. Bf1 Qc7
15. d4 O-O-O 16. c4 c5 17. d5 Kb8 18. Nd2 e3 19. Ndf3 exf2+ 20. Kxf2 Bd6 21.
Kg1 Bg3 22. Bd2 Bxe1 23. Qxe1 Rde8 24. Qf2 Ka8 25. Nxh4 Ne4 26. Nxe4 Bxe4 27.
Re1 Nc8 28. Bf4 Qb6 29. Be3 Qd8 30. Nf3 Bxf3 31. Qxf3 Qa5 32. Rd1 Nd6 33. a3 f6
34. b4 cxb4 35. c5 Nf7 36. axb4 Qxb4 37. c6 Qe4 38. cxb7+ Kxb7 39. Qxe4 Rxe4
40. Rb1+ Kc7 41. Bxa7 Ra8 42. Bc5 Rea4 43. Rb6 Ra1 44. Re6 Kd8 45. Kf2 R8a2+
46. Be2 Rd1 47. Ke3 Rxd5 48. Bc4 Rxc5 49. Bxa2 Re5+ 50. Rxe5 1/2-1/2

[Event "BL 1920 USV TU Dresden - OSG Baden-Bade"]
[Site "?"]
[Date "2019.11.24"]
[Round "2.4"]
[White "Boensch, Uwe"]
[Black "Naiditsch, Arkadij"]
[Result "1-0"]
[WhiteElo "2516"]
[BlackElo "2630"]
[PlyCount "81"]
[EventDate "2019.??.??"]

1. d4 Nf6 2. c4 g6 3. Nc3 Bg7 4. e4 d6 5. Be2 O-O 6. Bg5 Na6 7. Qd2 e5 8. d5
Qe8 9. Bf3 h5 10. Bd1 Bd7 11. Nge2 Nc5 12. Bc2 a5 13. h3 b5 14. cxb5 Bxb5 15.
O-O Ba6 16. Rfe1 Rb8 17. Rab1 Rb4 18. Be3 Ncxe4 19. Nxe4 Nxe4 20. Bxe4 Rxe4 21.
Qxa5 Bxe2 22. Rxe2 c5 23. dxc6 Qxc6 24. Rd2 Rb8 25. Qd5 Qxd5 26. Rxd5 Bf8 27.
Bd2 f5 28. b4 Kf7 29. a4 Ke6 30. Ra5 Rd4 31. Be1 e4 32. b5 Rb7 33. Ra8 Bg7 34.
Kf1 Rc4 35. b6 Bd4 36. a5 f4 37. Re8+ Kd5 38. a6 Rxb6 39. a7 Ra4 40. Rxb6 Rxa7
41. Rb1 1-0

[Event "BL 1920 USV TU Dresden - OSG Baden-Bade"]
[Site "?"]
[Date "2019.11.24"]
[Round "2.5"]
[White "Hou, Yifan"]
[Black "Maiwald, Jens-Uwe"]
[Result "1-0"]
[WhiteElo "2659"]
[BlackElo "2443"]
[PlyCount "79"]
[EventDate "2019.??.??"]

1. e4 c5 2. Nf3 e6 3. d4 cxd4 4. Nxd4 a6 5. Bd3 Bc5 6. Nb3 Ba7 7. Qe2 Nc6 8.
Be3 Nge7 9. Nc3 O-O 10. O-O e5 11. Bxa7 Rxa7 12. Nd5 d6 13. Qe3 Ra8 14. c4 a5
15. Nb6 Ra7 16. Na4 Be6 17. Rac1 Qb8 18. Rfd1 Rd8 19. h3 h6 20. Be2 Ng6 21. Bf1
Kh8 22. Nc3 a4 23. Na1 Ra8 24. Nc2 Nge7 25. Nb5 Na7 26. Nca3 Nac6 27. Rd2 b6
28. Rcd1 Nc8 29. Nc2 Na5 30. Nb4 Bxc4 31. Nc6 Nxc6 32. Bxc4 Ra5 33. Qa3 Kg8 34.
Qf3 Rf8 35. Qc3 Nd4 36. Nxd4 exd4 37. Rxd4 Rc5 38. Qb4 b5 39. Be2 h5 40. Rd5
1-0

[Event "BL 1920 USV TU Dresden - OSG Baden-Bade"]
[Site "?"]
[Date "2019.11.24"]
[Round "2.6"]
[White "Hoffmann, Paul"]
[Black "Kasimdzhanov, Rustam"]
[Result "0-1"]
[WhiteElo "2392"]
[BlackElo "2660"]
[PlyCount "68"]
[EventDate "2019.??.??"]

1. e4 e5 2. Bc4 Nf6 3. d3 Nc6 4. Nf3 Bc5 5. O-O d6 6. c3 h6 7. Nbd2 O-O 8. Bb3
Re8 9. Re1 Be6 10. Bc2 Ng4 11. Re2 Bxf2+ 12. Rxf2 Ne3 13. Qe2 Nxc2 14. Rb1 Bxa2
15. b3 Bxb1 16. Nxb1 Na1 17. Qa2 d5 18. Nbd2 dxe4 19. dxe4 Nxb3 20. Qxb3 Qd7
21. Nf1 a5 22. Ne3 a4 23. Qa2 Na5 24. Nd5 Ra6 25. Rd2 Qb5 26. Rf2 Rd6 27. Nd2
Qd7 28. Ba3 Rg6 29. Bb4 Nb3 30. Nxb3 axb3 31. Qxb3 Kh8 32. Qc4 Ra8 33. Qf1 Qg4
34. Rxf7 Ra1 0-1

[Event "BL 1920 USV TU Dresden - OSG Baden-Bade"]
[Site "?"]
[Date "2019.11.24"]
[Round "2.7"]
[White "Movsesian, Sergei"]
[Black "Moehn, Hans"]
[Result "1-0"]
[WhiteElo "2640"]
[BlackElo "2370"]
[PlyCount "67"]
[EventDate "2019.??.??"]

1. e4 c5 2. Nc3 e6 3. Nf3 a6 4. d4 cxd4 5. Nxd4 Qc7 6. Bd3 Nf6 7. f4 b5 8. a3
d6 9. Qf3 Bb7 10. f5 e5 11. Nde2 Nbd7 12. Be3 h5 13. h3 Nc5 14. b4 Nxd3+ 15.
cxd3 d5 16. Rc1 Qd7 17. Qg3 Be7 18. Bg5 d4 19. Nb1 Qd6 20. Nd2 Nd7 21. Bxe7
Kxe7 22. Nf3 h4 23. Nxh4 Qh6 24. f6+ Qxf6 25. Nf5+ Kd8 26. O-O Rg8 27. Nfxd4
Qb6 28. Rxf7 Ke8 29. Qg4 Kxf7 30. Qxd7+ Kg6 31. Rc5 Raf8 32. Qg4+ Kh7 33. Rc6
Qxd4+ 34. Nxd4 1-0

[Event "BL 1920 USV TU Dresden - OSG Baden-Bade"]
[Site "?"]
[Date "2019.11.24"]
[Round "2.8"]
[White "Osmanodja, Filiz"]
[Black "Gustafsson, Jan"]
[Result "0-1"]
[WhiteElo "2225"]
[BlackElo "2645"]
[PlyCount "106"]
[EventDate "2019.??.??"]

1. e4 e5 2. Nf3 Nc6 3. Bb5 a6 4. Ba4 Nf6 5. Nc3 Bc5 6. d3 b5 7. Bb3 h6 8. Nd5
d6 9. c3 Rb8 10. d4 Ba7 11. Be3 Ng4 12. dxe5 Bxe3 13. Nxe3 Ncxe5 14. Nxe5 Nxe5
15. O-O O-O 16. f4 Nd7 17. Nf5 Nc5 18. Bd5 c6 19. Bxc6 Bxf5 20. exf5 Qb6 21.
Bd5 Nd3+ 22. Kh1 Nf2+ 23. Rxf2 Qxf2 24. f6 Qxf4 25. fxg7 Kxg7 26. Qd3 Rbe8 27.
Rf1 Qe3 28. Qf5 Qg5 29. Qd3 Re3 30. Qd4+ Qe5 31. Qg4+ Kh7 32. Bb3 Re1 33. Bc2+
f5 34. Qf3 Qe2 35. Bxf5+ Kh8 36. Qxe2 Rxe2 37. g4 Rfe8 38. a4 Rxb2 39. axb5
axb5 40. h4 Ree2 41. Rd1 Kg7 42. h5 Re3 43. Rc1 Kf6 44. Kg1 Kg5 45. Bd7 Kf4 46.
Kh1 Re7 47. Bf5 Ree2 48. Rd1 Re3 49. Rc1 Rh3+ 50. Kg1 Kg3 51. Be4 Kxg4 52. Bd5
Rxh5 53. c4 Re5 0-1

[Event "BL 1920 SF Berlin - Schachfreunde Deizi"]
[Site "?"]
[Date "2019.11.24"]
[Round "2.1"]
[White "Leko, Peter"]
[Black "Sarana, Alexey"]
[Result "1/2-1/2"]
[WhiteElo "2666"]
[BlackElo "2664"]
[PlyCount "74"]
[EventDate "2019.??.??"]

1. Nf3 d5 2. d4 e6 3. g3 Nf6 4. c4 Bb4+ 5. Bd2 Be7 6. Bg2 c6 7. Qc2 O-O 8. O-O
b6 9. Rd1 Nbd7 10. Bf4 Ba6 11. cxd5 cxd5 12. Ne5 Rc8 13. Nc6 Qe8 14. Nxe7+ Qxe7
15. Nc3 b5 16. Qd3 Nb6 17. Rdc1 Qb7 18. b4 Rc4 19. Bd6 Rfc8 20. Bc5 Na4 21. a3
Qd7 22. Rc2 Nxc3 23. Rxc3 Rxc3 24. Qxc3 Bb7 25. f3 Ne8 26. Qe3 a6 27. Qf4 h6
28. h4 Qd8 29. Kf2 Qf6 30. Qe5 Qd8 31. Rh1 Nf6 32. g4 Nd7 33. Qg3 Nxc5 34. bxc5
Qf6 35. Rd1 g5 36. hxg5 hxg5 37. e3 e5 1/2-1/2

[Event "BL 1920 SF Berlin - Schachfreunde Deizi"]
[Site "?"]
[Date "2019.11.24"]
[Round "2.3"]
[White "Heimann, Andreas"]
[Black "Gumularz, Szymon"]
[Result "1/2-1/2"]
[WhiteElo "2617"]
[BlackElo "2489"]
[PlyCount "87"]
[EventDate "2019.??.??"]

1. e4 c6 2. d4 d5 3. e5 Bf5 4. h4 h5 5. Bd3 Bxd3 6. Qxd3 Qa5+ 7. Nd2 e6 8. Ngf3
Ne7 9. O-O Nf5 10. Nb3 Qa6 11. Qd1 Nd7 12. Bg5 Rc8 13. Re1 c5 14. c3 Be7 15.
Bxe7 Nxe7 16. Qd2 b6 17. Nc1 Nf5 18. Ne2 Nb8 19. Qg5 Rh6 20. Nf4 Nc6 21. dxc5
Nce7 22. Nxh5 Rg6 23. Qf4 Rxc5 24. Nd2 Qd3 25. Rad1 Qh3 26. Qh2 Qxh2+ 27. Kxh2
Nxh4 28. g3 Nhf5 29. Kg2 Rc8 30. Rh1 Kd7 31. Nf3 Rc4 32. Nd2 Rc8 33. Nf4 Rh6
34. Rxh6 Nxh6 35. Rh1 Ng4 36. Nd3 Ng6 37. Rh5 Rh8 38. Rxh8 Nxh8 39. f3 Ne3+ 40.
Kf2 Nc4 41. Ke2 Ng6 42. f4 Nxd2 43. Kxd2 f6 44. Ke3 1/2-1/2

[Event "BL 1920 SF Berlin - Schachfreunde Deizi"]
[Site "?"]
[Date "2019.11.24"]
[Round "2.4"]
[White "Baldauf, Marco"]
[Black "Meier, Georg"]
[Result "1/2-1/2"]
[WhiteElo "2495"]
[BlackElo "2628"]
[PlyCount "61"]
[EventDate "2019.??.??"]

1. d4 Nf6 2. c4 e6 3. Nc3 Bb4 4. Qc2 O-O 5. Nf3 c5 6. dxc5 Na6 7. g3 Nxc5 8.
Bg2 b6 9. O-O Bb7 10. Nb5 Be4 11. Qd1 Nb7 12. a3 Be7 13. Bf4 Rc8 14. Nc3 Bc6
15. Rc1 a6 16. b4 a5 17. Qb3 axb4 18. axb4 Nd6 19. Nb1 Nf5 20. Rfd1 Qe8 21. Nc3
d5 22. cxd5 Nxd5 23. Ne5 Nxc3 24. Rxc3 Ba4 25. Rxc8 Bxb3 26. Rxe8 Bxd1 27.
Rxf8+ Bxf8 28. e4 Nd4 29. Be3 Nc2 30. Bxb6 Nxb4 31. f4 1/2-1/2

[Event "BL 1920 SF Berlin - Schachfreunde Deizi"]
[Site "?"]
[Date "2019.11.24"]
[Round "2.5"]
[White "Bluebaum, Matthias"]
[Black "Sprenger, Jan Michael"]
[Result "1-0"]
[WhiteElo "2641"]
[BlackElo "2492"]
[PlyCount "111"]
[EventDate "2019.??.??"]

1. d4 Nf6 2. c4 e6 3. Nf3 b6 4. g3 Ba6 5. b3 Bb4+ 6. Bd2 Be7 7. Bg2 c6 8. O-O
d5 9. Qc2 O-O 10. Rd1 Nbd7 11. a4 Rc8 12. a5 c5 13. Qa2 b5 14. b4 cxd4 15. cxb5
Bxb5 16. Nxd4 Bc4 17. Qa4 Bd6 18. Na3 Be5 19. e3 Ne4 20. Be1 Nd6 21. Rab1 Bxd4
22. Nxc4 Rxc4 23. exd4 Nf5 24. Qa1 Nf6 25. Bf1 Rc8 26. b5 Ne4 27. b6 axb6 28.
Rxb6 Nfd6 29. Rb3 Nc4 30. a6 Ra8 31. Qa4 h5 32. Bxc4 dxc4 33. Qxc4 Qc8 34. Qxc8
Rfxc8 35. Ra1 Kf8 36. Rb7 Nc3 37. Bxc3 Rxc3 38. a7 Rcc8 39. Rab1 Re8 40. Rc1
Kg8 41. Rcc7 Rf8 42. Kg2 g6 43. Kf3 Kg7 44. Ke4 Rad8 45. Rd7 Rc8 46. Rbc7 Ra8
47. Ke5 Rae8 48. Re7 Rxe7 49. Rxe7 Rd8 50. Ke4 g5 51. Rb7 Ra8 52. Ke5 Kg6 53.
Kd6 g4 54. Kc6 f6 55. Re7 Kf5 56. Kb7 1-0

[Event "BL 1920 SF Berlin - Schachfreunde Deizi"]
[Site "?"]
[Date "2019.11.24"]
[Round "2.6"]
[White "Schreiner, Peter"]
[Black "Donchenko, Alexander"]
[Result "1/2-1/2"]
[WhiteElo "2453"]
[BlackElo "2650"]
[PlyCount "222"]
[EventDate "2019.??.??"]

1. d4 Nf6 2. c4 e6 3. Nf3 d5 4. g3 dxc4 5. Bg2 a6 6. O-O Nc6 7. Bg5 Be7 8. e3
Bd7 9. Nfd2 e5 10. Nxc4 exd4 11. exd4 O-O 12. Ne5 Nxe5 13. dxe5 Ng4 14. Bf4 g5
15. Bd2 Nxe5 16. Bc3 Bf6 17. Bxb7 Rb8 18. Be4 h6 19. Na3 Bg7 20. Qc2 Bh3 21.
Rfe1 Re8 22. Rad1 Qc8 23. Bxe5 Rxe5 24. Nc4 Re6 25. Bd5 Rxe1+ 26. Rxe1 Qd7 27.
Be4 Re8 28. Ne3 Qd4 29. Bc6 Re5 30. Rd1 Qc5 31. Rc1 Qxc2 32. Rxc2 Be6 33. b3 f5
34. Kf1 f4 35. Nc4 Rc5 36. Be4 a5 37. Ke2 fxg3 38. fxg3 a4 39. Ne3 axb3 40.
Rxc5 bxa2 41. Nc2 Kf8 42. Bd5 Bg4+ 43. Ke3 a1=Q 44. Nxa1 Bxa1 45. Rxc7 Bh5 46.
Ra7 Bb2 47. Rb7 Ba1 48. Bf3 Bg6 49. Be4 Be8 50. Bd5 Bg6 51. Be6 Be5 52. Kf3 Bd6
53. h3 Be5 54. g4 Be8 55. Bd5 Bg6 56. Ke3 Bf6 57. Be4 Bf7 58. Kd3 Be6 59. Rb5
Bf7 60. Bd5 Bg6+ 61. Kc4 h5 62. Rb8+ Kg7 63. Rb7+ Kf8 64. Be6 hxg4 65. hxg4 Be5
66. Kd5 Bf4 67. Ra7 Bg3 68. Kc6 Be8+ 69. Kd5 Bg6 70. Bf5 Bf7+ 71. Ke4 Bf4 72.
Ra6 Ke7 73. Bc8 Bb3 74. Rb6 Bg8 75. Rb7+ Kf6 76. Rb6+ Ke7 77. Rh6 Ba2 78. Rh7+
Kf6 79. Rh6+ Ke7 80. Bf5 Bf7 81. Ra6 Bb3 82. Rb6 Bf7 83. Bc8 Bg8 84. Kd4 Bf7
85. Rb1 Bg3 86. Rh1 Bf4 87. Rh6 Bb3 88. Bf5 Bf7 89. Ra6 Bg3 90. Ke4 Bf4 91. Bg6
Be6 92. Bf5 Bf7 93. Kd4 Bg3 94. Kc5 Bf4 95. Kc6 Be8+ 96. Kb7 Bf7 97. Kc8 Be3
98. Ra3 Bf4 99. Ra7+ Kf6 100. Kd8 Bd5 101. Ra6+ Ke5 102. Ke7 Bd2 103. Ra4 Bc6
104. Ra1 Bd5 105. Kf8 Bf3 106. Kg7 Kf4 107. Ra4+ Kg3 108. Kg6 Bc1 109. Kh5 Bf4
110. Ra3 Kf2 111. Rxf3+ Kxf3 1/2-1/2